The strangest thing happened. (Record no. 3442)

000 -LEADER
fixed length control field 00634nam a2200205 a 4500
001 - CONTROL NUMBER
control field :::00001173$&:&@@
003 - CONTROL NUMBER IDENTIFIER
control field OkBaRHE
005 - DATE AND TIME OF LATEST TRANSACTION
control field 20000607103242.0
008 - FIXED-LENGTH DATA ELEMENTS--GENERAL INFORMATION
fixed length control field s1974 j 000 0 eng u
020 ## - INTERNATIONAL STANDARD BOOK NUMBER
International Standard Book Number 0830700056
040 ## - CATALOGING SOURCE
Transcribing agency
100 1# - MAIN ENTRY--PERSONAL NAME
Personal name Barrett, Ethel.
245 14 - TITLE STATEMENT
Title The strangest thing happened.
260 ## - PUBLICATION, DISTRIBUTION, ETC. (IMPRINT)
Place of publication, distribution, etc Glendale, CA., :
Name of publisher, distributor, etc G/L Regal Books
Date of publication, distribution, etc 1974
300 ## - PHYSICAL DESCRIPTION
Extent 137 p. : illus. ;
Dimensions 20 cm.
490 0# - SERIES STATEMENT
Series statement A Regal venture book.
650 ## - SUBJECT ADDED ENTRY--TOPICAL TERM
Topical term or geographic name as entry element Bible Stories, English
General subdivision Old Testament Kings
942 ## - ADDED ENTRY ELEMENTS (KOHA)
Source of classification or shelving scheme
Koha item type Books
Copies
Current Location Copy number Permanent Location Koha item type Price effective from Source of classification or shelving scheme Lost status Date last seen Damaged status Date acquired Full call number Not for loan Withdrawn status Shelving location Barcode
RHEMA Bible Training College1RHEMA Bible Training CollegeBooks2010-04-14  2018-02-22 2010-04-14BS 551.2 .B32  General Stacks1173